| 000 | 00795cam a22002771 4500 | ||
|---|---|---|---|
| 001 | sa 68018313 | ||
| 003 | DLC | ||
| 005 | 20260227112710.0 | ||
| 008 | 890824s1968 ii 000 0 sano | ||
| 010 | _asa 68018313 | ||
| 035 | _a(OCoLC)20243312 | ||
| 040 |
_aDLC _cWaU _dDLC |
||
| 041 | 0 | _asanhin | |
| 042 | _apremarc | ||
| 050 | 0 | 0 |
_aPK875 _b.B49 |
| 100 | 1 | _aBhaṭṭācārya, Kānticandra. | |
| 245 | 1 | 0 | _aKāvyadīpikā. |
| 260 | _c1968. | ||
| 300 |
_a16, 192 p. _c19 cm. |
||
| 490 | 1 |
_aHaridas Sanskrit series, _v211 |
|
| 500 | _aAdded t. p.in English. | ||
| 500 | _aIn Sanskrit ; commentary in Hindi and Sanskrit; notes in Hindi. | ||
| 650 | 0 |
_aSanskrit language _xVersification. |
|
| 700 | 1 | _aŚukla, Rāmagovinda. | |
| 830 | 0 |
_aHaridāsa-Saṃskr̥ta-granthamālā ; _v211 |
|
| 999 |
_c88319 _d88319 |
||